000 00341pam a2200157a 44500
008 230515b1913 xxu||||| |||| 00| 0 eng d
020 _aNULL
041 _aMARATHI
082 _a1
100 _aDIXIT Y
245 _aSTREEROGCHIKTSASAR
250 _a1
260 _aSANGALI
_bN.D.
_c1913
300 _a100
650 _aSTREEROGCHIKTSASAR
999 _c496956
_d496956